Health Mathematics (Record no. 2434)

MARC details
000 -LEADER
fixed length control field 00365nam a22001457a 4500
003 - CONTROL NUMBER IDENTIFIER
control field OSt
005 - DATE AND TIME OF LATEST TRANSACTION
control field 20160727222549.0
008 - FIXED-LENGTH DATA ELEMENTS--GENERAL INFORMATION
fixed length control field 160714b xxu||||| |||| 00| 0 eng d
040 ## - CATALOGING SOURCE
Transcribing agency Health Mathematics
100 ## - MAIN ENTRY--PERSONAL NAME
9 (RLIN) 2859
Personal name Rucker, W.E., et al
245 ## - TITLE STATEMENT
Title Health Mathematics
260 ## - PUBLICATION, DISTRIBUTION, ETC. (IMPRINT)
Place of publication, distribution, etc. Lexington
Name of publisher, distributor, etc. Health
Date of publication, distribution, etc. 1979
300 ## - PHYSICAL DESCRIPTION
Extent Health Mathematics
942 ## - ADDED ENTRY ELEMENTS (KOHA)
Source of classification or shelving scheme Library of Congress Classification
Koha item type BOOK
Holdings
Withdrawn status Lost status Source of classification or shelving scheme Damaged status Not for loan Home library Current library Shelving location Date acquired Total Checkouts Full call number Barcode Date last seen Price effective from Koha item type
    Dewey Decimal Classification     Good Samaritan School Library Good Samaritan School Library   07/14/2016   510 RUC4014 07/14/2016 07/14/2016 BOOK

Powered by Koha